Primary productivity and biogeochemical cycles in the sea

Gardado en:
Detalles Bibliográficos
Autor Principal: Falkowski, Paul G (Author)
Formato: Libro
Idioma:inglés
Publicado: Nueva York Plenum 1992
Series:Environmental Science Research, 43
Subjects:
Tags: Engadir etiqueta
Sen Etiquetas, Sexa o primeiro en etiquetar este rexistro!

MARC

LEADER 00000nam a2200000 a 4500
001 UCN0938
003 CL-VaPUC
008 010406e19920000US |||||||||||||||||eng|d
082 0 4 |a 577.7  |b FAL  |2 21 
100 0 |a Falkowski, Paul G  |e author  |9 456319 
245 1 0 |a Primary productivity and biogeochemical cycles in the sea 
300 |a 550 p 
942 |c BK 
945 |d 20010406 00:00:00  |a vberengu 
260 |a Nueva York  |b Plenum  |c 1992 
650 0 |a Productividad   |9 335972 
650 7 |a CICLOS BIOGEOQUIMICOS  |2 CL-VaPUC  |9 261417 
650 0 |a Recursos marinos  |9 261196 
583 |a last modification  |c 20010406 00:00:00  |k Rodrigo Vera 
490 0 |a Environmental Science Research, 43 
999 |c 294550  |d 294548 
952 |0 0  |1 0  |2 ddc  |4 0  |6 577_700000000000000_FAL_1992  |7 0  |8 CCM  |9 347045  |a BIBCUR  |b BIBCUR  |c PAC  |d 2019-11-20  |i 371019K  |o 577.7 FAL 1992  |p 371019K  |r 2025-04-22  |w 2019-11-20  |y BK  |k RNT